000 01204nam a2200253 a 4500
008 120416s2002 ||||||||||||||||| || u
020 _a1853838632
050 _aHM 751 Cha
100 _aChambers, Robert
245 1 0 _aParticipatory workshops
246 _aa sourcebook of 21 sets of ideas and activities
260 _aLondon
_bEarthscan Publishers
_c2002
300 _axii, 220p. : ill.
350 _a0.00
500 _aBibliography
650 _aMEETINGS
650 _aEMPLOYEES -- TRAINING OF
650 _aGROUP FACILITATION
650 0 _aMANAGEMENT
995 _D0.00
_FCBU-MAIN LIBRARY (Kitwe)
_H3
_I16.95
_M3
_UAVAILABLE
_ZAnnex Low-Usage Collection
995 _D0.00
_FCBU-MAIN LIBRARY (Kitwe)
_H4
_I16.95
_M4
_UAVAILABLE
_ZMain Library Open Access Collection
995 _D0.00
_FCBU-MAIN LIBRARY (Kitwe)
_H1
_I16.95
_M1
_UAVAILABLE
_ZAnnex Low-Usage Collection
995 _D0.00
_FCBU-MAIN LIBRARY (Kitwe)
_H2
_I16.95
_M2
_UAVAILABLE
_ZMain Library Open Access Collection
999 _c81749
_d81749